Teaching and language corpora

Saved in:
Bibliografiske detaljer
Main Authors: Wichmann, Anne (Author), Fligelstone, Steven (Author), Knowles, Gerry (Author)
Andre forfattere: McEnery, Tony (autor)
Format: Bog
Sprog:engelsk
Udgivet: Londres Longman 1997
Udgivelse:1a. ed
Serier:Applied Linguistics and Language Study
Fag:
Tags: Tilføj Tag
Ingen Tags, Vær først til at tagge denne postø!

MARC

LEADER 00000nam a2200000 a 4500
001 UCJ0698
003 CL-VaPUC
008 060901e19970000UK |||||||||||||||||eng|d
020 |a 0582276098 
082 0 4 |a 418.0285  |b WIC  |2 21 
100 0 |a Wichmann, Anne  |e author  |9 500979 
700 0 |a Fligelstone, Steven  |e author  |9 500980 
700 |a McEnery, Tony  |e autor  |9 601889 
700 0 |a Knowles, Gerry  |e author  |9 500982 
245 1 0 |a Teaching and language corpora 
250 |a 1a. ed 
300 |a 343 p 
942 |c BK 
945 |d 20060901 00:00:00  |a cmena 
260 |a Londres  |b Longman  |c 1997 
650 0 |a Educación lingüística  |9 306506 
650 0 |a Aplicaciones de computadores  |9 260401 
650 0 |a Investigación lingüística  |9 329785 
650 0 |a Métodos de enseñanza  |9 270413 
650 0 |a Innovaciones pedagógicas  |9 307471 
583 |a last modification  |c 20140408 10:55:18  |k Rodrigo Vera 
490 0 |a Applied Linguistics and Language Study 
999 |c 317460  |d 317458 
952 |0 0  |1 0  |4 0  |6 418_028500000000000_WIC_1997  |7 0  |8 A  |9 393852  |a FDOPOS  |b FDOPOS  |d 2019-11-22  |i 4266250  |o 418.0285 WIC 1997  |p 4266250  |r 2025-01-22  |w 2019-11-22  |y BK  |k MLA